01082nam a2200301 a 450000100060000000300080000600500170001400800410003102000280007203500190010004000230011904100080014208200260015010000380017624500910021426000570030530000240036250000200038650400300040665000280043665000450046465000310050965000350054070000460057594200120062199900170063395201300065066532BD-RjUL20211209081543.0170318s1983 mau b 001 0 eng  a0674629752 (alk. paper) a(BD-RjUL)66662 aDLCcDLCdDLCbeng aeng00223a150.195bGRO 19831 aGreenberg, Jay R.,d1942-919692510aObject relations in psychoanalytic theory /cJay R. Greenberg and Stephen A. Mitchell. aCambridge, Mass. :bHarvard University Press,c1983. ax, 437 p. ;c25 cm. aIncludes index. aBibliography: p. 409-422. 0aPsychoanalysis.9196926 0aObject relations (Psychoanalysis)993266 2aObject attachment.9196927 2aPsychoanalytic theory.91969281 aMitchell, Stephen A.,d1946-2000.9196929 2ddccBK c66532d66532 00102ddc40718NFICaRUCLbRUCLcReadingd1998-09-15eUnicefl0o150.195 GRO 1983r2017-03-18 00:00:00tC-1w2017-03-18yBK